Asylums : Essays on the Social Situation of Mental Patients and Other Inmates /

Obra en que se analiza la vida en instituciones cerradas, tales como prisiones, campos de entrenamiento militar, embarcaciones navales, internados, monasterios, asilos para ancianos, donde los residentes deben someterse a un régimen y no pueden abandonar las instalaciones. Se describe el efecto de e...

Olles dieđut

Furkejuvvon:
Bibliográfalaš dieđut
Váldodahkki: Goffman, Erving (autor)
Materiálatiipa: Girji
Giella:eaŋgalasgiella
Almmustuhtton: Nueva York, EUA : Anchor Books, 1961, c1961
Ráidu:(Anchor Books ; 277)
Fáttát:
Fáddágilkorat: Lasit fáddágilkoriid
Eai fáddágilkorat, Lasit vuosttaš fáddágilkora!

MARC

LEADER 00000nam^a2200000^a^4500
001 000182837
005 20250521000000.0
009 20260310102020.836
037 |a Acervo ITESO - Biblioteca 
041 |a ING 
082 |a 616. 89  |b GOF 
100 |a Goffman, Erving  |e (autor) 
240 1 1 |a [Internados: ensayos sobre la situación social de los enfermos mentales] 
245 1 0 |a Asylums :  |b Essays on the Social Situation of Mental Patients and Other Inmates /  |c E. Goffman. 
264 4 |a Nueva York, EUA :  |b Anchor Books,  |c 1961, c1961 
300 |a XIV, 386 p. 
336 |a texto  |b txt  |2 rdacontenido 
337 |a sin mediación  |b n  |2 rdamedio 
338 |a volumen  |b nc  |2 rdasoporte 
440 1 |a (Anchor Books ;  |v 277) 
520 |a Obra en que se analiza la vida en instituciones cerradas, tales como prisiones, campos de entrenamiento militar, embarcaciones navales, internados, monasterios, asilos para ancianos, donde los residentes deben someterse a un régimen y no pueden abandonar las instalaciones. Se describe el efecto de estas instituciones sobre los residentes y sus formas de vida, en particular en los hospitales psiquiátricos. Inicia el estudio con un retrato de la vida en una institución cerrada; continua con los efectos iniciales de la institucionalización sobre las relaciones sociales previas del interno, las formas de adaptación en la institución y el papel que juega el personal al comunicarle al paciente su situación. 
649 |a XX 
650 |a Enfermos Mentales -  |x Condiciones Psicológicas 
650 |a Presos -  |x Condiciones Psicológicas 
650 |a Militares -  |x Condiciones Psicológicas 
650 |a Religiosos -  |x Condiciones Psicológicas 
650 |a Cárceles y Centros de Readaptación Social 
650 |a Conventos y Monasterios 
650 |a Internados 
650 |a Asilos 
650 |a Hospitales 
650 |a Vida Cotidiana 
650 |a Atención Médica 
650 |a Hospitalización 
650 |a Adaptación Social 
650 |a Interacción Social 
650 |a Psicopatología 
650 |a Psicología Clínica 
650 |a Psicología Social 
910 |a Fondo General 
920 |a Impresos - Libros 
930 |a Colección General 
905 |a 101 
901 |a 0500122687  |b IT1  |c ACC  |u 20250521 
902 |a https://opac.biblio.iteso.mx/vufind/Record/000182837